Reformy spoločnej poľnohospodárskej politiky Európskej únie a ich vplyv na jej financovanie
Prehľad jednotlivých reforiem spoločnej poľnohospodárskej politiky s dôrazom na politicko-ekonomické zmeny v Európe na konci 20. storočia a vstup nových členských štátov v roku 2004 res. 2007. Prijaté reformy SPP s dôrazom na efektivitu vynakladania finančných prostriedkov z rozpočtu EÚ ich zníženia...
Salvato in:
| Autore principale: | |
|---|---|
| Natura: | Capitolo di libro |
| Lingua: | slovacco |
| Soggetti: | |
| Tags: |
Nessun Tag, puoi essere il primo ad aggiungerne!!
|
MARC
| LEADER | 00000naa a2200000 4500 | ||
|---|---|---|---|
| 001 | 0177001 | ||
| 005 | 20220712082234.4 | ||
| 041 | 0 | |a slo | |
| 044 | |a SK | ||
| 245 | 1 | 0 | |a Reformy spoločnej poľnohospodárskej politiky Európskej únie a ich vplyv na jej financovanie |c Ľubica Harakaľová |
| 520 | |a Prehľad jednotlivých reforiem spoločnej poľnohospodárskej politiky s dôrazom na politicko-ekonomické zmeny v Európe na konci 20. storočia a vstup nových členských štátov v roku 2004 res. 2007. Prijaté reformy SPP s dôrazom na efektivitu vynakladania finančných prostriedkov z rozpočtu EÚ ich zníženia na celkové výdavky vynakladané na SPP EÚ. | ||
| 610 | 2 | 0 | |a reformy hospodárske |
| 610 | 2 | 0 | |a politika poľnohospodárska |
| 610 | 2 | 0 | |a financovanie |
| 610 | 2 | 0 | |a efektívnosť ekonomická |
| 610 | 2 | 0 | |a rozpočet spoločný |
| 610 | 2 | 0 | |a Európska únia |
| 100 | 1 | |a Harakaľová, Ľubica, 1963- | |